| 000 | 00655nam a2200193 4500 | ||
|---|---|---|---|
| 008 | 170509b xxu||||| |||| 00| 0 eng d | ||
| 020 | _a0-673-52023-4 | ||
| 082 |
_21990 _aDC 327.0904 _bZ3 |
||
| 100 |
_920756 _aZiegler, David W. |
||
| 245 |
_aWar, peace and international politics/ _cDavid W. Ziegler. |
||
| 250 | _aFifth Edition | ||
| 260 |
_aGlenview, Illinois: _bScott, Foresman/Little Brown Higher Education, _cc1990. |
||
| 300 |
_a561 pages; _c23 cm |
||
| 500 | _aIncludes bibliographical references and index. | ||
| 650 | 0 |
_920757 _aInternational relations |
|
| 650 | 0 |
_920758 _aWar (International law) |
|
| 650 | 0 |
_920759 _aPeace |
|
| 942 |
_2ddc _cDC |
||
| 999 |
_c6859 _d6859 |
||